<?xml version="1.0" encoding="UTF-8"?><?xml-stylesheet type="text/xsl" href="static/style.xsl"?><OAI-PMH xmlns="http://www.openarchives.org/OAI/2.0/" xmlns:xsi="http://www.w3.org/2001/XMLSchema-instance" xsi:schemaLocation="http://www.openarchives.org/OAI/2.0/ http://www.openarchives.org/OAI/2.0/OAI-PMH.xsd"><responseDate>2026-04-17T03:56:30Z</responseDate><request verb="GetRecord" identifier="oai:www.recercat.cat:2445/228619" metadataPrefix="marc">https://recercat.cat/oai/request</request><GetRecord><record><header><identifier>oai:recercat.cat:2445/228619</identifier><datestamp>2026-04-08T13:10:00Z</datestamp><setSpec>com_2072_1057</setSpec><setSpec>col_2072_478901</setSpec><setSpec>col_2072_478917</setSpec></header><metadata><record xmlns="http://www.loc.gov/MARC21/slim" xmlns:dcterms="http://purl.org/dc/terms/" xmlns:xsi="http://www.w3.org/2001/XMLSchema-instance" xmlns:doc="http://www.lyncode.com/xoai" xsi:schemaLocation="http://www.loc.gov/MARC21/slim http://www.loc.gov/standards/marcxml/schema/MARC21slim.xsd">
   <leader>00925njm 22002777a 4500</leader>
   <datafield ind2=" " ind1=" " tag="042">
      <subfield code="a">dc</subfield>
   </datafield>
   <datafield ind2=" " ind1=" " tag="720">
      <subfield code="a">Pastor Pérez, Ana</subfield>
      <subfield code="e">author</subfield>
   </datafield>
   <datafield ind2=" " ind1=" " tag="720">
      <subfield code="a">Remacha Acebrón, Sígrid</subfield>
      <subfield code="e">author</subfield>
   </datafield>
   <datafield ind2=" " ind1=" " tag="260">
      <subfield code="c">2026-03-31T06:00:50Z</subfield>
   </datafield>
   <datafield ind2=" " ind1=" " tag="260">
      <subfield code="c">2026-03-31T06:00:50Z</subfield>
   </datafield>
   <datafield ind2=" " ind1=" " tag="260">
      <subfield code="c">2024-05-27</subfield>
   </datafield>
   <datafield ind2=" " ind1=" " tag="260">
      <subfield code="c">2026-03-30T14:17:32Z</subfield>
   </datafield>
   <datafield ind2=" " ind1=" " tag="520">
      <subfield code="a">[eng] This study reveals the early results of diverse community archaeology
activities taking place in a contemporary archaeological site, a cardboard
hospital built in 1912 in the Vall Fosca (Catalan Pyrenees). This isolated
valley, formerly used to breed cattle, had three hydroelectric power facilities
erected in the twentieth century. In 2019, the Torre Capdella Town Council
and the National Museum of Science and Technology of Catalonia initiated
a project involving local communities. The main scope of this work is to
comprehend the materiality of the working class and to provide new
narratives about the people who built them and subsequently occupied
part of the valley.</subfield>
   </datafield>
   <datafield ind2=" " ind1=" " tag="520">
      <subfield code="a">[spa]  Este estudio revela los primeros resultados de las diversas actividades de arqueología comunitaria que tienen lugar en un yacimiento arqueológico contemporáneo, un hospital de cartón construido en 1912 en la Vall Fosca (el Pirineo catalán). Este valle aislado, antiguamente utilizado para la cría de ganado, contó con tres instalaciones de energía hidroeléctrica construidas en el siglo XX. En 2019, el Ayuntamiento de Torre Capdella y el Museo Nacional de la Ciencia y la Tecnología de Cataluña iniciaron un proyecto con la participación de las comunidades locales. El objetivo principal de este trabajo es comprender la materialidad de la clase trabajadora y proporcionar nuevas narrativas sobre las personas que las construyeron y posteriormente ocuparon parte del valle.</subfield>
   </datafield>
   <datafield tag="653" ind2=" " ind1=" ">
      <subfield code="a">Arqueologia</subfield>
   </datafield>
   <datafield tag="653" ind2=" " ind1=" ">
      <subfield code="a">Patrimoni cultural</subfield>
   </datafield>
   <datafield tag="653" ind2=" " ind1=" ">
      <subfield code="a">Higiene ambiental</subfield>
   </datafield>
   <datafield tag="653" ind2=" " ind1=" ">
      <subfield code="a">Postcolonialisme</subfield>
   </datafield>
   <datafield tag="653" ind2=" " ind1=" ">
      <subfield code="a">Imperi Otomà</subfield>
   </datafield>
   <datafield tag="653" ind2=" " ind1=" ">
      <subfield code="a">Archaeology</subfield>
   </datafield>
   <datafield tag="653" ind2=" " ind1=" ">
      <subfield code="a">Cultural heritage</subfield>
   </datafield>
   <datafield tag="653" ind2=" " ind1=" ">
      <subfield code="a">Environmental health</subfield>
   </datafield>
   <datafield tag="653" ind2=" " ind1=" ">
      <subfield code="a">Postcolonialism</subfield>
   </datafield>
   <datafield tag="653" ind2=" " ind1=" ">
      <subfield code="a">Empire ottoman</subfield>
   </datafield>
   <datafield ind2="0" ind1="0" tag="245">
      <subfield code="a">Recovering the Memories of the Capdella Cardboard Hospital Through Community Archaeology</subfield>
   </datafield>
</record></metadata></record></GetRecord></OAI-PMH>